000 00750nam a2200265 i 4500
001 C2-0099033
003 PPAK
005 20180727094533.0
008 970520s1991 my a|||| ||||| | may d
020 _a9679383873
040 _aPPAK
_beng
_cPPAK
_erda
082 0 4 _a899.233
_223
090 0 0 _a899.233
_bSUL
_dK
100 0 _aSuleiman Zakaria,
_eauthor
245 1 0 _aIsmail bukan pengotor lagi
264 1 _aKuala Lumpur :
_bSama ,
_c1991
300 _a30 pages :
_billustrations ;
_c21 cm
336 _2rdacontent
_atext
337 _2rdamedia
_aunmediated
338 _2rdacarrier
_avolume
490 1 _aSiri Kesihatan dan Keselamatan
650 1 0 _aChildren's stories, Malay
830 0 _aSiri Kesihatan dan Keselamatan
942 _ddc
_cB
999 _c21920
_d21920